000 00463nam a2200157Ia 4500
008 240729s9999 xx 000 0 und d
022 _a2187-7297
245 0 _aNusa
260 _aJapan
260 _bUniversitas Katolik Indonesia Atma Jaya, Tokyo University of Foreign Studies
650 _a Philology. Linguistics
650 _aLanguage and Literature
856 _uhttps://doaj.org/toc/bf21b4683b1f4db3a0ca44f86a2a307d
942 _2ddc
942 _cDOAJEJ
999 _c69439
_d69439
945 _a1
_bMadushi Gamage
_c1
_dMadushi Gamage